Сфера социальных услуг в конкурентной среде (российский и зарубежный опыт) (Запись № 11584236)

Подробности
000 -МАРКЕР
контрольное поле 02379nam0a2200385 i 4500
001 - ИДЕНТИФИКАТОР ЗАПИСИ
контрольное поле RU\NLR\BIBL_A\011134078
005 - ИДЕНТИФИКАТОР ВЕРСИИ
контрольное поле 20260405201432.0
010 ## - МЕЖДУНАРОДНЫЙ СТАНДАРТНЫЙ НОМЕР КНИГИ (ISBN)
Номер (ISBN) 9785215028117
Тираж 500
021 ## - НОМЕР ГОСУДАРСТВЕННОЙ РЕГИСТРАЦИИ
Код страны Российская Федерация
Номер 2016-36926
Номер Листа государственной регистраци 2372
035 ## - ДРУГИЕ СИСТЕМНЫЕ НОМЕРА
Идентификатор записи (NILC)RuMoRGB-008476780
035 ## - ДРУГИЕ СИСТЕМНЫЕ НОМЕРА
Идентификатор записи (NLR Aleph) 011134078
100 ## - ДАННЫЕ ОБЩЕЙ ОБРАБОТКИ
Данные общей обработки 20160523d2016 um y0rusy50 ca
101 0# - ЯЗЫК РЕСУРСА
Язык текста, звукозаписи и т.д. русский
102 ## - СТРАНА ПУБЛИКАЦИИ ИЛИ ПРОИЗВОДСТВА
Страна публикации Российская Федерация
-- Российская Федерация
105 ## - ПОЛЕ КОДИРОВАННЫХ ДАННЫХ: ТЕКСТОВЫЕ МАТЕРИАЛЫ, МОНОГРАФИЧЕСКИЕ
Кодированные данные о монографическом текстовом документе a|||z||||11yy
200 1# - ЗАГЛАВИЕ И СВЕДЕНИЯ ОБ ОТВЕТСТВЕННОСТИ
Основное заглавие Сфера социальных услуг в конкурентной среде (российский и зарубежный опыт)
Сведения, относящиеся к заглавию учебное пособие для подготовки бакалавров по направлению 38.03.02 Менеджмент
-- к 20-летию основания ГУУ
Первые сведения об ответственности Н. И. Сидоров, д. э. н.,. проф., Ф. Д. Конобевцев, к. э. н., доц., Е. В. Соснова, к. э. н., доц., М. В. Шевченко
Последующие сведения об ответственности [отв. ред. к. э. н., доц. Р. А. Ашурбеков]
-- М-во образования и науки Российской Федерации, Федеральное гос. бюджетное образовательное учреждение высш. образования "Гос. ун-т упр.", Ин-т упр. персоналом, социальных и бизнес-коммуникаций
210 ## - ПУБЛИКАЦИЯ, РАСПРОСТРАНЕНИЕ И ДР.
Место издания, распространения и т.д. Москва
Имя издателя, распространителя и т. д. ГУУ
Дата издания, распространения и т.д. 2016
215 ## - ФИЗИЧЕСКАЯ ХАРАКТЕРИСТИКА
Специфическое обозначение материала и объем 91 с.
Другие сведения о физической характеристике ил.
Размеры 21
320 ## - ПРИМЕЧАНИЯ О НАЛИЧИИ В ДОКУМЕНТЕ БИБЛИОГРАФИИ / УКАЗАТЕЛЯ
Текст примечания Библиогр.: с. 71-74 (48 назв.)
606 ## - НАИМЕНОВАНИЕ ТЕМЫ КАК ПРЕДМЕТ
Наименование темы Услуги в социальной сфере
Формальный подзаголовок Учебные издания для высших учебных заведений
Системный номер авторитетной/нормативной записи 1936370
Идентификатор авторитетной/нормативной записи RU\NLR\AUTH\661172856
675 ## - УНИВЕРСАЛЬНАЯ ДЕСЯТИЧНАЯ КЛАССИФИКАЦИЯ (UDC/УДК)
Индекс 364
686 1# - ИНДЕКСЫ ДРУГИХ КЛАССИФИКАЦИЙ
Индекс Х621.159я73
686 1# - ИНДЕКСЫ ДРУГИХ КЛАССИФИКАЦИЙ
Индекс Х811.5я73
686 1# - ИНДЕКСЫ ДРУГИХ КЛАССИФИКАЦИЙ
Индекс У49(0)я73
701 #1 - ИМЯ ЛИЦА - АЛЬТЕРНАТИВНАЯ ОТВЕТСТВЕННОСТЬ
Материалы, к которым относится поле rus
Графика поля Кириллица
Начальный элемент ввода Сидоров
Часть имени, кроме начального элемента ввода Н. И.
Дополнения к именам, кроме дат д-р экон. наук
Даты 1937-
Расширение инициалов личного имени Николай Исаевич
Идентификатор авторитетной/нормативной записи RU\NLR\AUTH\7788983
Системный номер авторитетной/нормативной записи 71911
701 #1 - ИМЯ ЛИЦА - АЛЬТЕРНАТИВНАЯ ОТВЕТСТВЕННОСТЬ
Начальный элемент ввода Конобевцев
Часть имени, кроме начального элемента ввода Ф. Д.
Расширение инициалов личного имени Фёдор Дмитриевич
701 #1 - ИМЯ ЛИЦА - АЛЬТЕРНАТИВНАЯ ОТВЕТСТВЕННОСТЬ
Начальный элемент ввода Соснова
Часть имени, кроме начального элемента ввода Е. В.
Расширение инициалов личного имени Елена Всеволодовна
701 #1 - ИМЯ ЛИЦА - АЛЬТЕРНАТИВНАЯ ОТВЕТСТВЕННОСТЬ
Начальный элемент ввода Шевченко
Часть имени, кроме начального элемента ввода М. В.
Расширение инициалов личного имени Мария Владимировна
702 #1 - ИМЯ ЛИЦА - ВТОРИЧНАЯ ОТВЕТСТВЕННОСТЬ
Начальный элемент ввода Ашурбеков
Часть имени, кроме начального элемента ввода Р. А.
Расширение инициалов личного имени Рафик Ашурбекович
Код отношения Редактор
801 #0 - ИСТОЧНИК ЗАПИСИ
Страна Российская Федерация
Организация РГБ
Дата составления 20160504
Правила каталогизации RCR
942 ## - ДОПОЛНИТЕЛЬНЫЕ ЭЛЕМЕНТЫ ЗАПИСИ (АБИС)
Тип экземпляра АБИС Книга
980 ## - КОЛЛЕКЦИЯ
Название коллекции НБР

Нет доступных экземпляров.